| 000 | 00639nam a2200217 i 4500 | ||
|---|---|---|---|
| 001 | 133595 | ||
| 003 | ES-MaACL | ||
| 005 | 20250814091532.0 | ||
| 007 | t| | ||
| 008 | 070821s1969 xxka |||| | eng d | ||
| 100 | 1 |
_aWollen, Peter. _9117284 |
|
| 245 | 1 | 0 |
_aSigns and meaning in the cinema / _cPeter Wollen. |
| 260 |
_aLondon : _bThames and Hudson, _c[1969] |
||
| 300 |
_a168 p. : _bil. ; _c20 cm. |
||
| 490 | 1 |
_aCinema One ; _v9 |
|
| 650 | 1 | 7 |
_aEstética cinematográfica _2embne _912542 |
| 650 | 0 | 7 |
_aCine _2embne _911010 |
| 830 | 0 |
_aCinema One ; _v9 _9219760 |
|
| 852 |
_aES-MaACL _jE-5420 |
||
| 999 |
_c133595 _d133595 |
||